Las palabras y las cosas. Una arqueología de las ciencias humanas.

Gardado en:
Detalles Bibliográficos
Autor Principal: Foucault, Michel (autor)
Outros autores: Frost, Elsa Cecilia (traducción)
Formato: Libro
Idioma:Lingua castelá
Publicado: México, D.F., México: Siglo veintiuno editores, 1968.
Edición:Primera edición en español.
Series:Teoría y crítica.
Subjects:
Tags: Engadir etiqueta
Sen Etiquetas, Sexa o primeiro en etiquetar este rexistro!

MARC

LEADER 00000cam a2200000 a 4500
001 UCW9682
003 CL-VaPUC
005 20241209170743.0
008 890607e19680000MX |||||||||||||||||spa|d
999 |c 221594  |d 221592 
020 |a 968-23-0017-7 
040 |c Pontificia Universidad Católica de Valparaíso 
082 0 4 |a 401 FOU 1968  |2 21 
100 |a Foucault, Michel  |e autor  |9 257945 
245 1 4 |a Las palabras y las cosas.  |b Una arqueología de las ciencias humanas.  
250 |a Primera edición en español.  
260 |a México, D.F., México:  |b Siglo veintiuno editores,  |c 1968.  
300 |a 375 páginas. 
490 0 |a Teoría y crítica.  
500 |a c.7 Donación Familia Prof. Alejandro Guzmán Brito.  
583 |a last modification  |c 20130327 01:43:46  |k Rodrigo Vera 
650 0 |a Filosofía del lenguaje  |9 257082 
650 0 |a Filosofía francesa   |9 255698 
650 0 |a Análisis del discurso  |9 256696 
700 |a Frost, Elsa Cecilia  |9 576887  |e traducción  
942 |c BK  |2 ddc  |n 0 
945 |d 19890607 00:00:00 
952 |0 0  |1 0  |4 0  |6 401_000000000000000_FOU_1968  |7 0  |8 R  |9 215095  |a BIBEDU  |b BIBEDU  |c MCIRC  |d 2019-11-15  |i 2836459  |l 1  |o 401 FOU 1968  |p 2836459  |r 2023-01-13  |s 2022-04-01  |w 2019-11-15  |y BK_R  |k FIL 
952 |0 0  |1 0  |4 0  |6 401_000000000000000_FOU_1968  |7 0  |8 A  |9 215096  |a FDOPOS  |b FDOPOS  |d 2019-11-15  |i 4316649  |o 401 FOU 1968  |p 4316649  |r 2025-01-22  |w 2019-11-15  |y BK  |k MLA 
952 |0 0  |1 0  |4 0  |6 401_000000000000000_FOU_1968  |7 0  |8 A  |9 215097  |a BIBHIS  |b BIBHIS  |d 2019-11-15  |i 4697219  |l 1  |o 401 FOU 1968  |p 4697219  |r 2025-01-20  |s 2023-08-21  |w 2019-11-15  |y BK  |k HIS 
952 |0 0  |1 0  |4 0  |6 401_000000000000000_FOU_1968  |7 0  |8 A  |9 215098  |a BIBHIS  |b BIBHIS  |d 2019-11-15  |i 495968K  |o 401 FOU 1968  |p 495968K  |r 2025-01-20  |w 2019-11-15  |y BK  |k HIS 
952 |0 0  |1 0  |3 erb  |4 0  |6 401_000000000000000_FOU_1968  |7 0  |8 A  |9 215099  |a BIBHIS  |b BIBHIS  |i 3476774  |l 2  |m 1  |o 401 FOU 1968  |p 3476774  |r 2025-01-20  |s 2023-05-15  |w 2019-11-15  |y BK  |z Catalogado en:20160807  |k HIS 
952 |0 0  |1 0  |3 erb  |4 0  |6 401_000000000000000_FOU_1968  |7 0  |8 A  |9 215100  |a BIBART  |b BIBART  |i 523977K  |l 2  |o 401 FOU 1968  |p 523977K  |r 2025-03-13  |s 2024-03-27  |w 2019-11-15  |y BK  |z Catalogado en:20170331  |k ART 
952 |0 0  |1 0  |2 ddc  |4 0  |6 401_000000000000000_FOU_1968  |7 1  |8 C_AGB  |9 579999  |a BIBDER  |b BIBDER  |d 2022-01-03  |e Donación   |i 5633133  |o 401 FOU 1968  |p 5633133  |r 2023-01-25  |t 7  |w 2022-01-03  |y BK_US  |k AGB